|
|
|
|
| LEADER |
00000nta a2200000 i 4500 |
| 001 |
dolg19633 |
| 005 |
20181217154747.0 |
| 008 |
181217suuuu hu o 000 hun d |
| 040 |
|
|
|a BGE Dolgozattár Repozitórium
|b hun
|
| 041 |
|
|
|a hu
|
| 100 |
1 |
|
|a Borsodi Tamás
|
| 245 |
1 |
2 |
|a A Társaság fűtéskorszerűsítésének beruházásgazdaságossági vizsgálata, valamint karbantartásra gyakorolt hatása
|c Borsodi Tamás
|h [elektronikus dokumentum]
|
| 516 |
|
|
|a Final_paper
|
| 695 |
|
|
|a beruházás
|
| 695 |
|
|
|a nettó jelenérték
|
| 700 |
1 |
|
|a Sisa Dr Krisztina
|e ths
|
| 856 |
4 |
0 |
|u http://dolgozattar.uni-bge.hu/19633/1/A%20T%C3%A1rsas%C3%A1g%20f%C5%B1t%C3%A9skorszer%C5%B1s%C3%ADt%C3%A9s%C3%A9nek%20beruh%C3%A1z%C3%A1sgazdas%C3%A1goss%C3%A1gi%20vizsg%C3%A1lata%2C%20valamint%20karbantart%C3%A1sra%20gyakorolt%20hat%C3%A1sa_final.pdf
|z Dokumentum-elérés
|
| 856 |
4 |
0 |
|u http://dolgozattar.uni-bge.hu/19633/3/Borsodi%20Tam%C3%A1s_M806AO%20nyilatkozat.pdf
|z Dokumentum-elérés
|